[Event "Lagoas op 4th"]
[Site "Lagoas"]
[Date "2019.09.29"]
[Round "4"]
[White "De Arruda Filho, Nivaldo Jesus"]
[Black "Dos Santos, Edson Trajano"]
[Result "1-0"]
[WhiteElo "2068"]
[BlackElo "1824"]
[PlyCount "46"]
[EventDate "2019.09.27"]
[EventType "swiss"]
[EventRounds "5"]
[EventCountry "BRA"]
[SourceTitle "EXT 2020"]
[Source "ChessBase"]
[SourceDate "2019.10.17"]
[SourceVersion "1"]
[SourceVersionDate "2019.10.17"]
[SourceQuality "1"]

1. c4 c5 2. g3 Nc6 3. Bg2 Nf6 4. Nf3 e6 5. 0-0 Be7 6. Nc3 0-0 7. a3 d5 8. cxd5 exd5 9. d4 b6 10. Ne5 Bb7 11. e3 Na5 12. Bd2 Nc4 13. Nxc4 Ba6 14. Ne5 Bxf1 15. Qxf1 cxd4 16. Nc6 Qc7 17. Nxd4 Rad8 18. Qa6 Bc5 19. Ncb5 Qd7 20. Qxa7 Bxd4 21. Qxd7 Rxd7 22. Nxd4 Ne4 23. Bb4 Rc8 1-0